书目信息 |
| 题名: |
捷达、宝来系列轿车故障诊断与检修实例
|
|
| 作者: | 刘文举 , 刘建贺 主编 | |
| 分册: | ||
| 出版信息: | 北京 金盾出版社 2014 |
|
| 页数: | 762页 | |
| 开本: | 21cm | |
| 丛书名: | ||
| 单 册: | ||
| 中图分类: | U469.110.7 | |
| 科图分类: | ||
| 主题词: | 轿车--故障诊断 , 轿车--故障修复 | |
| 电子资源: | ||
| ISBN: | 978-7-5082-8870-3 | |
| 000 | 00940nam0 2200253 450 | |
| 001 | 489 | |
| 005 | 20160906091519.98 | |
| 010 | @a978-7-5082-8870-3@dCNY59.00 | |
| 100 | @a20140806d2014 em y0chiy50 ea | |
| 101 | 0 | @achi |
| 102 | @aCN@b110000 | |
| 105 | @aa z 000yy | |
| 200 | 1 | @a捷达、宝来系列轿车故障诊断与检修实例@9jie da 、 bao lai xi lie jiao che gu zhang zhen duan yu jian xiu shi li@f刘文举,刘建贺主编 |
| 210 | @a北京@c金盾出版社@d2014 | |
| 215 | @a762页@c图@d21cm | |
| 330 | @a本书以问答形式系统地叙述了捷达、宝来系列轿车发动机、底盘、电气故障诊断与检修实例,并配有修理数据及电控发动机、自动变速器、ABS防抱制动系统的故障诊断与检修代码查询。 | |
| 606 | 0 | @a轿车@x故障诊断 |
| 606 | 0 | @a轿车@x故障修复 |
| 610 | 0 | @a宝来轿车@a捷达轿车 |
| 690 | @aU469.110.7@v5 | |
| 701 | 0 | @a刘文举@9liu wen ju@4主编 |
| 701 | 0 | @a刘建贺@9liu jian he@4主编 |
| 801 | 0 | @aCN@b唐山师范学院图书馆@c20160722 |
| 905 | @aZUCC@dU469.110.7@e286 | |
| 捷达、宝来系列轿车故障诊断与检修实例/刘文举,刘建贺主编.-北京:金盾出版社,2014 |
| 762页:图;21cm |
| ISBN 978-7-5082-8870-3:CNY59.00 |
| 本书以问答形式系统地叙述了捷达、宝来系列轿车发动机、底盘、电气故障诊断与检修实例,并配有修理数据及电控发动机、自动变速器、ABS防抱制动系统的故障诊断与检修代码查询。 |
| ● |
| 相关链接 |
|
|
|
|
正题名:捷达、宝来系列轿车故障诊断与检修实例
索取号:U469.110.7/286
 
预约/预借
| 序号 | 登录号 | 条形码 | 馆藏地/架位号 | 状态 | 备注 |
| 1 | 902067 | 209020673 | 第二样本阅览室/ [索取号:U469.110.7/286] | 在馆 | |
| 2 | 902068 | 209020682 | 密集书库-物理学院/ [索取号:U469.110.7/286] | 在馆 | |
| 3 | 902069 | 209020691 | 第三借阅区/ [索取号:U469.110.7/286] | 在馆 | |
| 4 | 902070 | 209020708 | 第三借阅区/ [索取号:U469.110.7/286] | 在馆 | |
| 5 | 902071 | 209020717 | 第三借阅区/ [索取号:U469.110.7/286] | 在馆 |